[Event "FRA-ch U14 Girls"]
[Site "Gonfreville"]
[Date "2016.04.10"]
[Round "1.1"]
[White "Bellahcene, Meriem"]
[Black "Simon, Fleur"]
[Result "1-0"]
[WhiteElo "1842"]
[BlackElo "1318"]
[PlyCount "47"]
[EventDate "2016.04.22"]
[EventType "swiss"]
[EventRounds "9"]
[EventCountry "FRA"]
[SourceTitle "EXT 2019"]
[Source "ChessBase"]
[SourceDate "2018.10.10"]
[SourceVersion "1"]
[SourceVersionDate "2018.10.10"]
[SourceQuality "1"]

1. e4 e6 2. d4 d5 3. Nc3 Nf6 4. e5 Nfd7 5. f4 c5 6. Be3 Nc6 7. Nf3 cxd4 8. Nxd4 Nxd4 9. Bxd4 f6 10. Bb5 fxe5 11. Qh5+ g6 12. Qxe5 Rg8 13. Qxe6+ Qe7 14. Qxe7+ Bxe7 15. Nxd5 Bd8 16. 0-0-0 Kf7 17. Bc4 Kf8 18. Nc3 Bc7 19. g3 b6 20. Bd5 Rb8 21. Bxg8 Kxg8 22. Rhe1 Kf8 23. Nb5 Rb7 24. Re3 1-0